000 00672nam a2200253Ia 4500
008 180523s9999 xx 000 0 und d
020 _a0-13-065480-9
050 _aMAIN HC 79
050 _b.W4M37 2003
100 _aMarber, Peter.
245 0 _aMoney changes everything :
245 0 _bhow to global prosperity is reshaping our need, values, lifestyles /
245 0 _cPeter Marber.
260 _aSingapore :
260 _bPearson Education South Asia,
260 _c2003
300 _a245 pages :
300 _billustrations ;
300 _c24 cm.
500 _aIncludes index.
650 _aGlobalization.
650 _aWealth.
650 _xMoney.
999 _c356796
_d356796